Statistics for Top 10 Countries with Covid-19 Cases - 15 April

Click here to take the quiz!

General Stats

  • This quiz has been taken 17 times
  • The average score is 10 of 14

Answer Stats

rate per
million
country% Correct
China
100%
2031France
100%
United Kingdom
100%
1687United States
100%
2586Italy
88%
3568Spain
88%
..Germany
69%
Iran
63%
1548Austria
56%
2558Belgium
56%
1627Portugal
56%
2937Switzerland
56%
Turkey
44%
1955Ireland
38%

Score Distribution

Percentile by Number Answered

Percent of People with Each Score

Your Score History

You have not taken this quiz